ARRUPE JESUIT UNIVERSITY

CORONAVIRUS -STOP THE SPREAD - CLEAN,DISINFECT,COVER

God created the integers : (Record no. 131280)

MARC details
000 -LEADER
fixed length control field 02386cam a22003737a 4500
001 - CONTROL NUMBER
control field 14692362
003 - CONTROL NUMBER IDENTIFIER
control field ARRUPE
005 - DATE AND TIME OF LATEST TRANSACTION
control field 20220407095112.0
008 - FIXED-LENGTH DATA ELEMENTS--GENERAL INFORMATION
fixed length control field 070110s2007 paua 001 0deng d
010 ## - LIBRARY OF CONGRESS CONTROL NUMBER
LC control number 2007920542
020 ## - INTERNATIONAL STANDARD BOOK NUMBER
International Standard Book Number 9780762430048
020 ## - INTERNATIONAL STANDARD BOOK NUMBER
International Standard Book Number 0762430044
035 ## - SYSTEM CONTROL NUMBER
System control number (OCoLC)ocn148913555
040 ## - CATALOGING SOURCE
Original cataloging agency BTCTA
Transcribing agency BTCTA
Modifying agency BAKER
-- BKL
-- UPZ
-- YDXCP
-- AU@
-- TBS
-- DLC
042 ## - AUTHENTICATION CODE
Authentication code lccopycat
050 00 - LIBRARY OF CONGRESS CALL NUMBER
Classification number QA21
Item number .G635 2007
082 04 - DEWEY DECIMAL CLASSIFICATION NUMBER
Classification number 510
Edition number 22
300 ## - PHYSICAL DESCRIPTION
Other physical details ill. ;
Dimensions 23 cm.
245 00 - TITLE STATEMENT
Title God created the integers :
Remainder of title the mathematical breakthroughs that changed history /
Statement of responsibility, etc edited, with commentary, by Stephen Hawking.
250 ## - EDITION STATEMENT
Edition statement New ed.
260 ## - PUBLICATION, DISTRIBUTION, ETC. (IMPRINT)
Place of publication, distribution, etc Philadelphia :
Name of publisher, distributor, etc Running Press,
Date of publication, distribution, etc c2007.
300 ## - PHYSICAL DESCRIPTION
Extent xv, 1358 p. :
504 ## - BIBLIOGRAPHY, ETC. NOTE
Bibliography, etc Includes bibliographical references and index.
505 0# - FORMATTED CONTENTS NOTE
Formatted contents note Euclid (c.325 BC-265 BC) -- Archimedes (287 BC-212 BC) -- Diophantus (third century AD) -- René Descartes (1596-1650) -- Isaac Newton (1642-1727) -- Leonhard Euler (1707-1783) -- Pierre Simon de Laplace (1749-1827) -- Jean Baptiste Joseph Fourier (1768-1830) -- Carl Friedrich Gauss (1777-1855) -- Augustin-Louis Cauchy (1789-1857) -- Augustin-Louis Cauchy (1789-1857) -- János Bolyai (1802-1860) -- Évariste Galois (1811-1832) -- George Boole (1815-1864) -- George Friedrich Bernhard Riemann (1826-1866) -- Karl Weierstrass (1815-1897) -- Richard Julius Wilhelm Dedekind (1831-1916) -- Georg Cantor (1845-1918) -- Henri Lebesgue (1875-1941) -- Kurt Gödel (1906-1978) -- Alan Mathison Turing (1912-1954).
520 ## - SUMMARY, ETC.
Summary, etc Bestselling author and physicist Hawking explores the "masterpieces" of mathematics, 25 landmarks spanning 2,500 years and representing the work of 15 mathematicians, including Augustin Cauchy, Bernard Riemann, and Alan Turing.
650 #0 - SUBJECT ADDED ENTRY--TOPICAL TERM
Topical term or geographic name as entry element Mathematics
General subdivision History.
9 (RLIN) 14019
650 #0 - SUBJECT ADDED ENTRY--TOPICAL TERM
Topical term or geographic name as entry element Mathematicians
Form subdivision Biography.
9 (RLIN) 51279
700 1# - ADDED ENTRY--PERSONAL NAME
Personal name Hawking, Stephen,
Dates associated with a name 1942-2018.
9 (RLIN) 43491
856 42 - ELECTRONIC LOCATION AND ACCESS
Materials specified Contributor biographical information
Uniform Resource Identifier <a href="http://www.loc.gov/catdir/enhancements/fy0831/2007920542-b.html">http://www.loc.gov/catdir/enhancements/fy0831/2007920542-b.html</a>
856 42 - ELECTRONIC LOCATION AND ACCESS
Materials specified Publisher description
Uniform Resource Identifier <a href="http://www.loc.gov/catdir/enhancements/fy0831/2007920542-d.html">http://www.loc.gov/catdir/enhancements/fy0831/2007920542-d.html</a>
906 ## - LOCAL DATA ELEMENT F, LDF (RLIN)
a 7
b cbc
c copycat
d 2
e ncip
f 20
g y-gencatlg
942 ## - ADDED ENTRY ELEMENTS (KOHA)
Source of classification or shelving scheme Library of Congress Classification
Koha item type Monograph ( Printed materials)
Holdings
Withdrawn status Lost status Source of classification or shelving scheme Damaged status Not for loan Collection code Home library Current library Shelving location Date acquired Total Checkouts Full call number Barcode Date last seen Price effective from Koha item type
    Library of Congress Classification     Main Collection ARRUPE LIBRARY ARRUPE LIBRARY Main Collection 07/04/2022   QA21 .G635 2007 46600009206 07/04/2022 07/04/2022 Monograph ( Printed materials)

 

Arrupe Library. PO Box MP320 Mt Pleasant, Harare, Zimbabwe
263 242 745411|librarian@aju.ac.zw